[Event "1st Binhai Cup 2018"]
[Site "Tianjin CHN"]
[Date "2018.12.31"]
[Round "7.19"]
[White "Maisuradze, Nino"]
[Black "Wang, Zijian"]
[Result "1-0"]
[WhiteTitle "WGM"]
[WhiteElo "2248"]
[BlackElo "1839"]
[WhiteFideId "13601717"]
[BlackFideId "8619034"]
[EventDate "2018.12.25"]

1. d4 d5 2. Bf4 c5 3. c3 Nc6 4. e3 Nf6 5. Nf3 Qb6 6. Na3 Qxb2 7. Nb5 Ne4 8. Bg3
Nxc3 9. Nc7+ Kd8 10. Qc1 Qxc1+ 11. Rxc1 Nxa2 12. Rxc5 e5 13. Rxc6 bxc6 14. Nxa8
Bb4+ 15. Kd1 Bg4 16. Bxe5 f6 17. Bg3 Nc3+ 18. Kc2 Ne4 19. Ba6 Bf5 20. Bd3 Nxg3
21. Rb1 Bd6 22. hxg3 Bxd3+ 23. Kxd3 Re8 24. g4 Kc8 25. g5 Re7 26. gxf6 gxf6 27.
Nb6+ axb6 28. Rxb6 Kc7 29. Rb1 f5 30. g3 h6 31. Rh1 Re6 32. Rh5 c5 33. dxc5 Bxc5
34. Rxf5 Kd6 35. Nd4 Rg6 36. Ne2 Rg7 37. Nf4 Ra7 38. Rxd5+ Kc6 39. Rf5 Ra3+ 40.
Ke4 Ra4+ 41. Kf3 1-0

[Event "1st Binhai Cup 2018"]
[Site "Tianjin CHN"]
[Date "2018.12.31"]
[Round "7.20"]
[White "Bai, Xue"]
[Black "Xiao, Yiyi"]
[Result "0-1"]
[BlackTitle "WFM"]
[WhiteElo "2133"]
[BlackElo "2295"]
[WhiteFideId "8608717"]
[BlackFideId "8606161"]
[EventDate "2018.12.25"]

1. e4 e5 2. Nf3 Nc6 3. Bb5 Nf6 4. O-O Bc5 5. d3 Nd4 6. Nxd4 Bxd4 7. c3 Bb6 8.
Bg5 c6 9. Bc4 h6 10. Be3 Bxe3 11. fxe3 O-O 12. Bb3 a5 13. Nd2 d5 14. Qf3 Bg4 15.
Qf2 a4 16. Bd1 dxe4 17. Nxe4 Nxe4 18. dxe4 Be6 19. Qg3 Qd2 20. Rf2 Qe1+ 21. Rf1
Qxg3 22. hxg3 Rfd8 23. Bc2 Rd2 24. Rf2 Rad8 25. Raf1 b5 26. a3 Bc4 27. Rxd2 Rxd2
28. Rf2 Be2 29. Bb1 c5 30. Kh2 c4 0-1

[Event "1st Binhai Cup 2018"]
[Site "Tianjin CHN"]
[Date "2018.12.31"]
[Round "7.21"]
[White "Wang, Zideng"]
[Black "Ning, Kaiyu"]
[Result "0-1"]
[WhiteTitle "CM"]
[WhiteElo "2068"]
[BlackElo "2247"]
[WhiteFideId "8614350"]
[BlackFideId "8614750"]
[EventDate "2018.12.25"]

1. d4 d5 2. c4 e6 3. Nf3 Nf6 4. g3 dxc4 5. Bg2 Nc6 6. Qa4 Bb4+ 7. Bd2 Nd5 8. O-O
Nb6 9. Qc2 h6 10. Rd1 O-O 11. Bf4 Bd7 12. e4 Bd6 13. e5 Be7 14. Qe2 Nb4 15. Na3
N4d5 16. Nxc4 Bb5 17. b3 Nc3 18. Qc2 Nxd1 19. Rxd1 Nd5 20. Bc1 a5 21. Ne3 Bc6
22. Ng4 h5 23. Ne3 a4 24. h3 axb3 25. axb3 Ra1 26. g4 h4 27. Nc4 Nb4 28. Qd2 Na2
29. Bb2 Bb4 30. Qd3 Rxd1+ 31. Qxd1 Nc3 32. Qd3 Be4 33. Qe3 Bxf3 34. Bxf3 Nd5 35.
Qc1 c6 36. Be4 Be7 37. f4 c5 38. f5 Bg5 39. Qf1 Ne3 40. Qd3 Nxc4 41. bxc4 cxd4
42. Bxd4 Qc7 43. Qb3 Qd7 44. Bc5 Ra8 45. fxe6 fxe6 46. Bd6 Qa4 47. Qxa4 Rxa4 48.
Bd3 Be3+ 49. Kg2 b6 0-1

[Event "1st Binhai Cup 2018"]
[Site "Tianjin CHN"]
[Date "2018.12.31"]
[Round "7.22"]
[White "Gu, Tianlu"]
[Black "Li, Yihao"]
[Result "1/2-1/2"]
[WhiteTitle "WIM"]
[WhiteElo "2231"]
[BlackElo "1809"]
[WhiteFideId "8603995"]
[BlackFideId "8616299"]
[EventDate "2018.12.25"]

1. e4 c5 2. Nf3 d6 3. d4 cxd4 4. Nxd4 Nf6 5. Nc3 a6 6. h3 e5 7. Nde2 h5 8. Bg5
Be6 9. Bxf6 Qxf6 10. Nd5 Qd8 11. Qd3 Nd7 12. O-O-O g6 13. Kb1 Nc5 14. Qf3 Bg7
15. Nec3 b5 16. a3 Rb8 17. Nb4 Qd7 18. Nd3 Qc6 19. Nb4 Qd7 20. Ncd5 a5 21. Nd3
Nxd3 22. Qxd3 b4 23. a4 O-O 24. Qb3 Rbc8 25. Bb5 Qd8 26. Qd3 f5 27. f3 fxe4 28.
fxe4 Qg5 29. Nb6 Rcd8 30. Bc4 Bxc4 31. Nxc4 Kh7 32. g3 Qe7 33. Qd5 Rf2 34. Rhf1
Qf6 35. Rxf2 Qxf2 36. g4 h4 37. Nxa5 Rc8 38. Nc6 Qe2 39. Nxb4 Rc4 40. c3 Rd4 41.
Rxd4 exd4 42. Qb5 Qxe4+ 43. Qd3 Qe1+ 44. Kc2 dxc3 45. bxc3 Qf2+ 46. Kb3 Qb6 47.
Qf3 Qg1 48. a5 Qa1 49. a6 d5 50. Qd3 d4 51. c4 Bf8 1/2-1/2

[Event "1st Binhai Cup 2018"]
[Site "Tianjin CHN"]
[Date "2018.12.31"]
[Round "7.23"]
[White "Li, Yunshan"]
[Black "Hu, Yu A."]
[Result "1-0"]
[WhiteTitle "WFM"]
[WhiteElo "2196"]
[BlackElo "2032"]
[WhiteFideId "8607664"]
[BlackFideId "8609993"]
[EventDate "2018.12.25"]

1. d4 Nf6 2. c4 e6 3. g3 d5 4. Bg2 Be7 5. Nf3 O-O 6. Nc3 dxc4 7. Ne5 Qd6 8. Nxc4
Qa6 9. b3 c6 10. O-O Nbd7 11. Bb2 Nb6 12. Ne5 Rd8 13. a4 Nbd5 14. e3 Nxc3 15.
Bxc3 Nd5 16. Bb2 Bd7 17. Nxd7 Rxd7 18. Qc2 Rc8 19. Rfd1 c5 20. e4 Nb4 21. Qc3
Rcd8 22. Bf1 Qa5 23. d5 Bf8 24. dxe6 fxe6 25. Rxd7 Rxd7 26. Bc4 Qb6 27. Kg2 a6
28. Qe5 Rd6 29. Rd1 1-0

[Event "1st Binhai Cup 2018"]
[Site "Tianjin CHN"]
[Date "2018.12.31"]
[Round "7.24"]
[White "Zhang, Lanlin"]
[Black "Stones, Rebecca"]
[Result "1-0"]
[WhiteElo "2178"]
[BlackElo "1792"]
[WhiteFideId "8608032"]
[BlackFideId "3208281"]
[EventDate "2018.12.25"]

1. e4 c6 2. d4 d5 3. exd5 cxd5 4. Bd3 Nf6 5. Ne2 e6 6. O-O Bd6 7. f4 O-O 8. Nd2
b6 9. Ng3 Qc7 10. Qf3 Bb7 11. Rf2 Nc6 12. c3 Ne7 13. Nh5 Ne8 14. Qh3 g6 15. Ng3
Nf5 16. Nf3 Nxg3 17. hxg3 f5 18. Ng5 Bc8 19. Re2 Qe7 20. c4 Qg7 21. Kh1 Nf6 22.
Nxe6 Bxe6 23. Rxe6 Ng4 24. Be3 Nxe3 25. Rxe3 Qxd4 26. Re6 Bc5 27. Rd1 dxc4 28.
Be2 Qxb2 29. Bxc4 Kg7 30. Rd7+ Rf7 31. Rxf7+ Kxf7 32. Rxb6+ 1-0

[Event "1st Binhai Cup 2018"]
[Site "Tianjin CHN"]
[Date "2018.12.31"]
[Round "7.25"]
[White "Hu, Zehua"]
[Black "Zhong, Kangmin"]
[Result "0-1"]
[WhiteElo "2104"]
[BlackElo "1825"]
[WhiteFideId "8603472"]
[BlackFideId "8618887"]
[EventDate "2018.12.25"]

1. e4 c5 2. Nf3 Nc6 3. d4 cxd4 4. Nxd4 Nf6 5. Nc3 e5 6. Ndb5 d6 7. Bg5 a6 8. Na3
b5 9. Bxf6 gxf6 10. Nd5 f5 11. Bd3 Be6 12. c4 Bg7 13. cxb5 Bxd5 14. exd5 Ne7 15.
bxa6 O-O 16. b4 Nxd5 17. Qb3 e4 18. Qxd5 Bc3+ 19. Kf1 exd3 20. Rb1 Rxa6 21. Nb5
Be5 22. a3 Qb6 23. Qxd3 Raa8 24. f4 Bxf4 25. Nd4 Rxa3 26. Qxa3 Qxd4 27. Qf3 Re8
28. g3 Bh6 29. Qf2 Qe4 0-1

[Event "1st Binhai Cup 2018"]
[Site "Tianjin CHN"]
[Date "2018.12.31"]
[Round "7.26"]
[White "Lu, Miaoyi"]
[Black "Li, Haoyu B."]
[Result "0-1"]
[WhiteElo "1737"]
[BlackElo "2100"]
[WhiteFideId "8618020"]
[BlackFideId "8610169"]
[EventDate "2018.12.25"]

1. d4 Nf6 2. c4 c5 3. d5 e6 4. Nc3 exd5 5. cxd5 d6 6. g3 g6 7. Bg2 Bg7 8. Nf3
O-O 9. O-O a6 10. a4 Nbd7 11. Nd2 Rb8 12. Nc4 Ne8 13. Bf4 Nb6 14. Nxb6 Qxb6 15.
Qc2 Nf6 16. a5 Qd8 17. Na4 Nh5 18. Bd2 Bd7 19. Nb6 Bb5 20. Bc3 Re8 21. Rfe1 f5
22. e4 fxe4 23. Rxe4 Rxe4 24. Bxe4 Qf8 25. Re1 Re8 26. Qd1 Re7 27. Bg2 Qe8 28.
Re6 Bxc3 29. bxc3 Ng7 30. Rxe7 Qxe7 31. c4 Be8 32. Kf1 Nf5 33. Qe1 Qf8 34. Qe6+
Kg7 35. Nd7 Bxd7 36. Qxd7+ Kh6 37. Qxb7 Qf6 38. Qb1 Qc3 39. Qe4 Qc1+ 40. Qe1
Qxc4+ 41. Kg1 Qb4 42. Qxb4 cxb4 43. Bf1 Nd4 44. Bxa6 Nb3 45. Kf1 Nxa5 46. Ke2
Nb3 47. Kd1 Nc5 48. Bc4 Kg5 49. f3 Kf5 50. Kc2 g5 51. Ba2 Ke5 52. Kb2 h6 53. h4
gxh4 54. gxh4 Kf4 55. Bb1 Kxf3 56. h5 Ke3 57. Bg6 Kd4 58. Bf7 Kc4 59. Kc2 b3+
60. Kb1 Kc3 61. Bg6 Nd7 62. Bf5 Nf6 63. Bg6 Nxd5 64. Be8 Nf4 65. Bb5 d5 66. Ba6
d4 67. Bb5 d3 68. Bd7 Nd5 69. Bg4 Ne3 70. Bf3 d2 71. Be2 Nc2 72. Bd1 Na3+ 73.
Ka1 b2+ 74. Ka2 b1=Q+ 75. Kxa3 Qa1# 0-1

[Event "1st Binhai Cup 2018"]
[Site "Tianjin CHN"]
[Date "2018.12.31"]
[Round "7.27"]
[White "Sun, Jihan"]
[Black "Wu, David Tai-Wei"]
[Result "0-1"]
[WhiteElo "1518"]
[BlackElo "1630"]
[WhiteFideId "8618992"]
[BlackFideId "16301765"]
[EventDate "2018.12.25"]

1. e4 e5 2. Nf3 Nc6 3. Bc4 Bc5 4. c3 Nf6 5. d4 exd4 6. cxd4 Bb4+ 7. Bd2 Nxe4 8.
Bxb4 Nxb4 9. Bxf7+ Kxf7 10. Qb3+ d5 11. Ne5+ Ke6 12. Qxb4 Qf8 13. Qxf8 Rxf8 14.
O-O c5 15. Nf3 c4 16. Nc3 Nxc3 17. bxc3 Kd6 18. Rab1 b6 19. Rfe1 Bf5 20. Rb2
Rfe8 21. Ne5 Re7 22. f3 Rae8 23. Kf2 h5 24. Rbe2 Kc7 25. h3 h4 26. Re3 Re6 27.
R1e2 b5 28. a3 a5 29. Rb2 Rb8 30. Ke2 Rb7 31. Ng4 Bxg4 32. hxg4 Rxe3+ 33. Kxe3
Kc6 34. Kd2 g5 35. Rb1 Rb8 36. Kc2 Re8 37. Kd2 Rb8 38. Kc2 Rf8 39. Rh1 Re8 40.
Kd2 b4 41. axb4 axb4 42. cxb4 Kb5 43. Rb1 Ra8 44. Rb2 Ra3 45. Kc2 Rd3 46. Rb1
Rxd4 47. Kc3 Rd3+ 48. Kc2 Re3 49. Rd1 Kxb4 50. Rxd5 Re2+ 51. Rd2 Rxd2+ 52. Kxd2
Kb3 53. f4 Kb2 54. fxg5 c3+ 55. Ke3 c2 0-1

[Event "1st Binhai Cup 2018"]
[Site "Tianjin CHN"]
[Date "2019.01.01"]
[Round "8.1"]
[White "Zhu, Jiner"]
[Black "Zhao, Jun"]
[Result "1/2-1/2"]
[WhiteTitle "WIM"]
[BlackTitle "GM"]
[WhiteElo "2409"]
[BlackElo "2607"]
[WhiteFideId "8608059"]
[BlackFideId "8602522"]
[EventDate "2018.12.25"]

1. e4 d6 2. d4 Nf6 3. Nc3 e5 4. Nf3 Nbd7 5. Bc4 Be7 6. O-O O-O 7. h3 a6 8. a4 b6
9. dxe5 Nxe5 10. Nxe5 dxe5 11. Qe2 Bb7 12. Rd1 Qe8 13. Nd5 Nxd5 14. Bxd5 Qc8 15.
Be3 a5 16. Qg4 Bxd5 17. Qxc8 Raxc8 18. Rxd5 f6 19. Rad1 Rfd8 20. Rxd8+ Rxd8 21.
Rxd8+ Bxd8 22. Kf1 Kf7 23. Ke2 Ke6 24. Kd3 c6 25. Kc4 Bc7 26. c3 Kd7 27. b4 axb4
28. cxb4 Bd8 29. Bd2 Be7 30. f3 Kc7 31. g4 g5 32. Be1 Kb7 33. h4 h6 34. h5 Kc7
35. b5 Bf8 36. a5 cxb5+ 37. Kxb5 bxa5 38. Bxa5+ Kd7 39. Kc4 Ke6 40. Bd8 Bg7 41.
Kc5 Bf8+ 42. Kc6 Bg7 43. Bb6 Kf7 44. Bc5 Bh8 45. Kd7 Bg7 46. Ba3 Bh8 47. Bc5 Bg7
48. Ba3 Bh8 49. Bc5 1/2-1/2

[Event "1st Binhai Cup 2018"]
[Site "Tianjin CHN"]
[Date "2019.01.01"]
[Round "8.2"]
[White "Zeng, Chongsheng"]
[Black "Chigaev, Maksim"]
[Result "0-1"]
[WhiteTitle "GM"]
[BlackTitle "GM"]
[WhiteElo "2535"]
[BlackElo "2606"]
[WhiteFideId "8603847"]
[BlackFideId "4108116"]
[EventDate "2018.12.25"]

1. e4 c5 2. Nf3 e6 3. d4 cxd4 4. Nxd4 Nc6 5. Nc3 Qc7 6. Be3 a6 7. Qd2 Be7 8.
O-O-O Nf6 9. f3 O-O 10. g4 b5 11. Nxc6 dxc6 12. Qf2 e5 13. h4 Be6 14. Bh3 a5 15.
g5 Ne8 16. Bxe6 fxe6 17. Qg3 a4 18. Rd3 b4 19. Nb1 c5 20. Rhd1 Qc6 21. Qxe5 c4
22. Rd7 Rf7 23. Rxe7 Rxe7 24. a3 b3 25. Nc3 Rd7 26. Rxd7 Qxd7 27. Bd4 Nc7 28.
cxb3 cxb3 29. Kd2 Ne8 30. Kd3 Nd6 31. Bc5 Nf5+ 32. Ke2 Nxh4 33. Be3 Rf8 34. Qg3
Nxf3 35. g6 hxg6 36. Bf4 Nd4+ 37. Ke1 Qf7 38. Be3 Qf1+ 39. Kd2 Nf3+ 0-1

[Event "1st Binhai Cup 2018"]
[Site "Tianjin CHN"]
[Date "2019.01.01"]
[Round "8.3"]
[White "Liu, Guanchu"]
[Black "Ganguly, Surya Shekhar"]
[Result "0-1"]
[WhiteTitle "IM"]
[BlackTitle "GM"]
[WhiteElo "2432"]
[BlackElo "2621"]
[WhiteFideId "8603901"]
[BlackFideId "5002150"]
[EventDate "2018.12.25"]

1. e4 c5 2. Nf3 e6 3. c3 Nf6 4. e5 Nd5 5. d4 cxd4 6. cxd4 d6 7. Bc4 Be7 8. O-O
O-O 9. Bd2 Nc6 10. Nc3 Nxc3 11. Bxc3 d5 12. Bd3 Bd7 13. Qd2 a5 14. Rac1 b5 15.
Qf4 b4 16. Bd2 f5 17. exf6 Bxf6 18. Qg4 Qe8 19. Rfe1 Qf7 20. Qf4 Nxd4 21. Nxd4
e5 22. Qf3 exd4 23. Rc5 Be6 24. a3 bxa3 25. bxa3 a4 26. Bb4 Rfc8 27. Qf4 Bd7 28.
h3 g6 29. Qd6 Rxc5 30. Bxc5 Rc8 31. Bb4 Kg7 32. Qf4 Re8 33. Rxe8 Qxe8 34. Qc7
Qf7 35. Kf1 Bh4 36. Qe5+ Qf6 37. Qxf6+ Bxf6 38. f4 h5 39. Ke2 Kf7 40. Kf3 Bf5
41. Bb5 Bc2 42. g4 Be4+ 43. Kf2 Bh4+ 44. Ke2 Bg2 45. f5 gxf5 46. gxh5 f4 0-1

[Event "1st Binhai Cup 2018"]
[Site "Tianjin CHN"]
[Date "2019.01.01"]
[Round "8.4"]
[White "Zhao, Yuanhe"]
[Black "Sivuk, Vitaly"]
[Result "1/2-1/2"]
[BlackTitle "GM"]
[WhiteElo "2388"]
[BlackElo "2542"]
[WhiteFideId "8609497"]
[BlackFideId "14116502"]
[EventDate "2018.12.25"]

1. Nf3 Nf6 2. c4 g6 3. Nc3 Bg7 4. g3 O-O 5. Bg2 d6 6. O-O e5 7. d3 Re8 8. Ne1 c6
9. Nc2 Be6 10. Bg5 h6 11. Bxf6 Bxf6 12. Rb1 a5 13. a3 a4 14. Ne3 Qa5 15. b4 axb3
16. Qxb3 Ra7 17. Qb4 Qd8 18. Rfd1 Be7 19. Qb2 Qa5 20. Nc2 Nd7 21. e3 Nc5 22. d4
exd4 23. exd4 Bf6 24. Ne3 Na4 25. Nxa4 Qxa4 26. Qb4 Qxa3 27. Qxa3 Rxa3 28. d5
cxd5 29. Nxd5 Bd8 30. Rxb7 Bg4 31. Rf1 Be2 32. Re1 Kf8 33. Ne3 Bxc4 34. Bc6 Re5
35. Rb8 Ke7 36. Reb1 Raxe3 37. fxe3 Rc5 38. R1b7+ Kf6 39. Rxd8 Rxc6 40. Rb2 Bd5
41. Rd2 Ke5 42. Re8+ 1/2-1/2

[Event "1st Binhai Cup 2018"]
[Site "Tianjin CHN"]
[Date "2019.01.01"]
[Round "8.5"]
[White "Sethuraman, S.P."]
[Black "Xu, Yinglun"]
[Result "1/2-1/2"]
[WhiteTitle "GM"]
[BlackTitle "GM"]
[WhiteElo "2664"]
[BlackElo "2531"]
[WhiteFideId "5021596"]
[BlackFideId "8604940"]
[EventDate "2018.12.25"]

1. e4 c5 2. Nf3 d6 3. d4 cxd4 4. Nxd4 Nf6 5. Nc3 a6 6. Be3 e6 7. f3 b5 8. Qd2
Nbd7 9. O-O-O h5 10. a4 bxa4 11. Nxa4 Bb7 12. Bc4 Qc7 13. Bb3 Rc8 14. Kb1 Be7
15. h3 h4 16. Rhe1 Qb8 17. Bg1 g6 18. Bh2 e5 19. Ne2 Kf8 20. Nec3 Bc6 21. Bg1
Qb4 22. Qe2 a5 23. Qa6 Kg7 24. Na2 Qb7 25. Qxb7 Bxb7 26. N2c3 Bc6 27. Nb6 Nxb6
28. Bxb6 Ra8 29. Ba4 Rhc8 30. Bf2 Rab8 31. Bxc6 Rxc6 32. Rd3 Nh5 33. Nd5 Bd8 34.
Red1 Kf8 35. Be3 Ke8 36. Ra3 Kd7 37. Ra4 f5 38. c3 Ke6 39. Kc2 Rb5 40. c4 fxe4
41. Nc3 Rb4 42. Rxb4 axb4 43. Nxe4 Rxc4+ 44. Kb3 Rc6 45. Kxb4 Be7 46. Kb5 Rc8
47. b4 Rb8+ 48. Bb6 Nf4 49. Kc6 Nxg2 50. b5 d5 51. Nc3 Ne3 52. Rd3 d4 53. Bc7
Nc2 54. Nd5 Rxb5 55. Nf4+ Kf5 56. Kxb5 Kxf4 57. Rd2 Na3+ 58. Kc6 Kxf3 59. Kd5 e4
60. Bb6 e3 61. Rxd4 Nc2 62. Rc4 1/2-1/2

[Event "1st Binhai Cup 2018"]
[Site "Tianjin CHN"]
[Date "2019.01.01"]
[Round "8.6"]
[White "Fier, Alexandr"]
[Black "Lu, Shanglei"]
[Result "1/2-1/2"]
[WhiteTitle "GM"]
[BlackTitle "GM"]
[WhiteElo "2558"]
[BlackElo "2636"]
[WhiteFideId "2107139"]
[BlackFideId "8603332"]
[EventDate "2018.12.25"]

1. e4 c5 2. Nf3 d6 3. d4 cxd4 4. Nxd4 Nf6 5. Nc3 a6 6. Be3 Ng4 7. Bg5 h6 8. Bh4
g5 9. Bg3 Bg7 10. h3 Ne5 11. Nf5 Bxf5 12. exf5 Nbc6 13. Nd5 e6 14. fxe6 fxe6 15.
Ne3 Qa5+ 16. c3 Nf3+ 17. Qxf3 Bxc3+ 18. Kd1 Qa4+ 19. Nc2 Bxb2 20. Rc1 Rc8 21.
Bd3 Rf8 22. Qh5+ Kd7 23. Qxh6 Bxc1 24. Kxc1 Qxa2 25. Qg7+ Ne7 26. Rd1 Rg8 27.
Qb2 Qxb2+ 28. Kxb2 Rc6 29. f3 Rb6+ 30. Kc1 Rc8 31. Bh7 Rc4 32. Bf2 Rb3 33. Rd3
Rb5 34. Ra3 Rc7 35. Bd3 Rd5 36. Kd2 Nc6 37. Bb6 Ne5 38. Ne3 Nc4+ 39. Nxc4 Rxc4
40. Rb3 Ra4 41. Ke3 Ra2 42. Bd4 e5 43. Bb6 Rxg2 44. Ke4 Rxd3 45. Kxd3 Rg3 46.
Ke2 Rxh3 47. Be3 b5 48. Ra3 Rh2+ 1/2-1/2

[Event "1st Binhai Cup 2018"]
[Site "Tianjin CHN"]
[Date "2019.01.01"]
[Round "8.7"]
[White "Liu, Yan"]
[Black "Idani, Pouya"]
[Result "1/2-1/2"]
[WhiteTitle "GM"]
[BlackTitle "GM"]
[WhiteElo "2495"]
[BlackElo "2611"]
[WhiteFideId "8608962"]
[BlackFideId "12510130"]
[EventDate "2018.12.25"]

1. d4 f5 2. Bg5 h6 3. Bh4 g5 4. Bg3 Nf6 5. e3 d6 6. h4 Rg8 7. hxg5 hxg5 8. Nd2
e6 9. c3 Qe7 10. Qb3 Nc6 11. O-O-O b6 12. Qa4 Bd7 13. Bb5 Nd8 14. Bxd7+ Qxd7 15.
Qxd7+ Kxd7 16. Ne2 Be7 17. Rh2 Ng4 18. Rh7 Nf6 19. Rh2 Nf7 20. f3 Rh8 21. Rdh1
Rxh2 22. Rxh2 e5 23. Bf2 Rg8 24. Ng3 Ke6 25. e4 fxe4 26. fxe4 Ng4 27. d5+ Kf6
28. Rh1 Nxf2 29. Rf1 g4 30. Rxf2+ Kg6 31. Nf5 Bg5 32. Kc2 Rh8 33. Nf1 Bf4 34. g3
Bg5 35. Nh2 Kh5 36. Ng7+ Kg6 37. Nf5 Kh5 38. Ng7+ Kg6 39. Nf5 1/2-1/2

[Event "1st Binhai Cup 2018"]
[Site "Tianjin CHN"]
[Date "2019.01.01"]
[Round "8.8"]
[White "Dai, Changren"]
[Black "Tabatabaei, M.amin"]
[Result "1/2-1/2"]
[WhiteTitle "IM"]
[BlackTitle "GM"]
[WhiteElo "2464"]
[BlackElo "2587"]
[WhiteFideId "8608156"]
[BlackFideId "12521213"]
[EventDate "2018.12.25"]

1. e4 e5 2. Nf3 Nc6 3. Bb5 a6 4. Ba4 Nf6 5. O-O Be7 6. Re1 b5 7. Bb3 d6 8. c3
O-O 9. h3 Nb8 10. d4 Nbd7 11. Nbd2 c5 12. Nf1 Re8 13. Ng3 Bf8 14. a4 Rb8 15.
axb5 axb5 16. dxe5 dxe5 17. c4 b4 18. Ba4 Qc7 19. Bg5 Re6 20. Nh2 Ne8 21. Ng4
Nd6 22. Ne3 Qb7 23. f4 exf4 24. Bxf4 Ne5 25. b3 Ng6 26. Nd5 Nxf4 27. Nxf4 Re5
28. Qf3 f6 29. Nd3 Rg5 30. Qf4 h5 31. Ra2 Be6 32. e5 Nf7 33. exf6 Bd6 34. Qf1
Rxg3 35. Rxe6 Rd8 36. Re8+ Rxe8 37. Bxe8 Ng5 38. Qf5 gxf6 39. Bxh5 Qe4 40. Qxe4
Nxe4 41. Bf3 Ng5 42. Kf2 Nxf3 43. gxf3 Rxh3 44. Ra6 Be7 45. Ra7 Bf8 46. Rc7 Rh2+
47. Ke3 Rh5 48. Ke4 Rg5 49. Rd7 Rg1 50. Nf4 Rb1 51. Nh5 Re1+ 52. Kf5 Re5+ 53.
Kg4 Be7 54. f4 f5+ 55. Kf3 Re1 56. Ng3 Bf6 57. Nxf5 Rb1 58. Nh6+ Kh8 59. Ke4
Rxb3 60. Kf5 Bd4 61. Nf7+ Kg8 62. Ng5 Rc3 63. Kg6 Kf8 64. f5 Ke8 65. Rb7 Rxc4
66. f6 Bxf6 67. Kxf6 Rc1 68. Nf7 Re1 69. Ne5 Kd8 70. Ke6 Kc8 71. Rb5 Kc7 72. Kd5 1/2-1/2

[Event "1st Binhai Cup 2018"]
[Site "Tianjin CHN"]
[Date "2019.01.01"]
[Round "8.9"]
[White "Li, Yankai"]
[Black "Peng, Xiongjian"]
[Result "1/2-1/2"]
[WhiteElo "2427"]
[BlackElo "2438"]
[WhiteFideId "8609357"]
[BlackFideId "8610550"]
[EventDate "2018.12.25"]

1. d4 d5 2. c4 e6 3. Nc3 a6 4. cxd5 exd5 5. Bf4 Nf6 6. e3 Bd6 7. Bxd6 Qxd6 8.
Bd3 O-O 9. h3 b6 10. Nf3 Nbd7 11. O-O Bb7 12. Qc2 c5 13. dxc5 bxc5 14. Na4 d4
15. e4 Rfe8 16. Rfe1 Rac8 17. b3 Nh5 18. e5 Nxe5 19. Nxe5 Rxe5 20. Bxh7+ Kf8 21.
Rxe5 Qxe5 22. Qf5 Qxf5 23. Bxf5 Rc7 24. Rc1 Nf4 25. Kh2 g6 26. Bb1 Ne6 27. Bd3
Ke7 28. h4 Bxg2 29. Bxg6 Bc6 30. Bd3 Bxa4 31. bxa4 a5 32. Kg3 Kf6 33. f4 Rc8 34.
f5 Nf8 35. Kf4 Nd7 36. Bb5 Ne5 37. Ke4 Rh8 38. Rh1 Ng4 39. Kd5 d3 40. Kxc5 d2
41. Be2 Nf2 42. Rh2 d1=Q 43. Bxd1 Nxd1 44. Kb6 Ra8 45. h5 Nc3 46. Kb7 Rh8 47.
Kb6 Nxa4+ 48. Kxa5 Nc3 49. Kb4 Ne4 50. a4 Kxf5 51. a5 Rh6 52. Kb5 Nd6+ 53. Kb4
Kg4 54. a6 Nc8 55. Kb5 f5 56. Rg2+ Kxh5 57. Rh2+ Kg5 58. Rxh6 Kxh6 59. Kc6 f4
60. Kc7 Na7 61. Kb6 f3 62. Kxa7 1/2-1/2

[Event "1st Binhai Cup 2018"]
[Site "Tianjin CHN"]
[Date "2019.01.01"]
[Round "8.10"]
[White "Nie, Xinyang"]
[Black "Huang, Renjie"]
[Result "1/2-1/2"]
[WhiteElo "2229"]
[BlackElo "2328"]
[WhiteFideId "8607222"]
[BlackFideId "8610134"]
[EventDate "2018.12.25"]

1. d4 d5 2. c4 c6 3. cxd5 cxd5 4. Nc3 Nc6 5. Nf3 Nf6 6. Bf4 Bf5 7. e3 e6 8. Qb3
Bb4 9. Bb5 O-O 10. O-O Bxc3 11. Qxc3 Rc8 12. Rfc1 h6 13. Qa3 Qb6 14. Bxc6 Rxc6
15. Ne5 Rcc8 16. b3 a6 17. h3 Rfe8 18. Rxc8 Rxc8 19. Rc1 Rxc1+ 20. Qxc1 Qd8 21.
g4 Bh7 22. f3 Nd7 23. Qc3 Nxe5 24. Bxe5 Bg6 25. a4 Qd7 26. a5 f6 27. Bg3 Be8 28.
Kg2 Kf7 29. Qc7 Qxc7 30. Bxc7 Ke7 1/2-1/2

[Event "1st Binhai Cup 2018"]
[Site "Tianjin CHN"]
[Date "2019.01.01"]
[Round "8.11"]
[White "Wu, huanghui"]
[Black "Zhao, Chenxi"]
[Result "0-1"]
[WhiteElo "2164"]
[BlackElo "2328"]
[WhiteFideId "8623929"]
[BlackFideId "8611513"]
[EventDate "2018.12.25"]

1. d4 Nf6 2. c4 g6 3. Nc3 Bg7 4. e4 d6 5. Be2 O-O 6. Bg5 c5 7. d5 Qa5 8. Bd3 e6
9. dxe6 Bxe6 10. Ne2 h6 11. Bf4 Nc6 12. O-O Rad8 13. b3 Nh5 14. Bd2 Nb4 15. Bb1
a6 16. Qc1 Kh7 17. f4 Bg4 18. Re1 Rde8 19. a3 Bxe2 20. Rxe2 Nc6 21. Nd5 Qd8 22.
Bc3 Nd4 23. Rb2 Qh4 24. Bd3 b5 25. Qe1 Qg4 26. Qd1 Qh4 27. Qe1 Qxe1+ 28. Rxe1 f5
29. Rbb1 fxe4 30. Bxe4 Ne6 31. g3 Bxc3 32. Nxc3 Nd4 33. Nd5 Kg7 34. Nc7 Re7 35.
Nd5 Ref7 36. Rb2 Re8 37. Rbb1 Nf6 38. Nxf6 Kxf6 39. Bd5 Rfe7 40. Rxe7 Rxe7 41.
cxb5 Ne2+ 42. Kf2 Nc3 43. Rc1 Nxd5 44. Rd1 Ke6 0-1

[Event "1st Binhai Cup 2018"]
[Site "Tianjin CHN"]
[Date "2019.01.01"]
[Round "8.12"]
[White "Peng, Hongchi"]
[Black "Yu, Lei"]
[Result "1-0"]
[WhiteElo "2273"]
[BlackElo "2074"]
[WhiteFideId "8609047"]
[BlackFideId "8620733"]
[EventDate "2018.12.25"]

1. Nf3 Nf6 2. c4 e6 3. d4 b6 4. g3 Bb7 5. Bg2 Bb4+ 6. Bd2 Be7 7. O-O O-O 8. Nc3
Ne4 9. Bf4 Nxc3 10. bxc3 d6 11. Qc2 Qc8 12. Bg5 f6 13. Bf4 c5 14. h4 e5 15. Bc1
cxd4 16. cxd4 Nc6 17. Bb2 Na5 18. Rac1 Qg4 19. Kh2 Qg6 20. Qxg6 hxg6 21. Bh3 Bc8
22. Ba3 Bxh3 23. Kxh3 e4 24. Nd2 Rac8 25. Bb4 Nc6 26. Bc3 f5 27. f3 exf3 28.
exf3 Bf6 29. Nb3 Rfe8 30. Rfe1 Kf7 31. c5 Rxe1 32. Bxe1 Nxd4 33. cxb6 Rxc1 34.
b7 Nc6 35. Nxc1 Ke8 36. Nd3 Kd7 37. Nb4 Nb8 38. Bf2 Kc7 39. Nd5+ Kxb7 40. Nxf6
gxf6 41. g4 fxg4+ 42. fxg4 Nd7 43. h5 g5 44. Bd4 Kc6 45. Bxa7 Kd5 46. a4 Kc4 47.
a5 Kb5 48. Bb6 d5 49. h6 Nf8 50. Kg3 Kc6 51. Kf3 Nh7 52. Ke3 Nf8 53. Bd8 Nh7 54.
a6 Nf8 55. Bxf6 Kb6 56. Bxg5 Kxa6 57. Be7 Ng6 58. Bf6 Nf8 59. Be7 Ng6 60. h7 1-0

[Event "1st Binhai Cup 2018"]
[Site "Tianjin CHN"]
[Date "2019.01.01"]
[Round "8.13"]
[White "Yang, Yijing"]
[Black "Maisuradze, Nino"]
[Result "1-0"]
[WhiteTitle "WCM"]
[BlackTitle "WGM"]
[WhiteElo "2035"]
[BlackElo "2248"]
[WhiteFideId "8608601"]
[BlackFideId "13601717"]
[EventDate "2018.12.25"]

1. d4 Nf6 2. c4 e6 3. Nc3 c5 4. d5 exd5 5. cxd5 d6 6. Nf3 g6 7. Bf4 Bg7 8. e3
O-O 9. h3 Re8 10. Be2 Ne4 11. Nxe4 Rxe4 12. Qd2 Rb4 13. Rb1 Bf5 14. Bd3 Bxd3 15.
Qxd3 Na6 16. b3 Rxf4 17. exf4 Nb4 18. Qd2 Qe8+ 19. Kf1 Qe4 20. Rd1 h6 21. Kg1 b5
22. Kh2 Nc2 23. Qd3 Qxf4+ 24. g3 Qf6 25. Kg2 Na3 26. Rhe1 a5 27. Nd2 a4 28. bxa4
Rxa4 29. Re8+ Kh7 30. Ne4 Qb2 31. Qf3 Ra7 32. Nxd6 c4 33. Nc8 Rd7 34. Nb6 Rd6
35. Qxf7 h5 36. Re6 Rxe6 37. dxe6 Qf6 38. Qxf6 Bxf6 39. e7 Bxe7 40. Rd7 c3 41.
Rxe7+ Kh6 42. Re1 1-0